The Emerald Handbook of Fintech Reshaping Finance
Na minha lista:
| Outros Autores: | , , |
|---|---|
| Formato: | Livro |
| Idioma: | inglês |
| Publicado em: |
Leeds
Emerald Publishing
2024
|
| Edição: | 1st Edition |
| Assuntos: | |
| Tags: |
Sem tags, seja o primeiro a adicionar uma tag!
|
MARC
| LEADER | 00000nam a2200000 4500 | ||
|---|---|---|---|
| 001 | 0311762 | ||
| 005 | 20250822102703.3 | ||
| 020 | |a 978-1-83753-608-5 | ||
| 041 | 0 | |a eng | |
| 044 | |a GB | ||
| 245 | 1 | 0 | |a The Emerald Handbook of Fintech |b Reshaping Finance |c Edited by H. Kent Baker, Greg Filbeck and Keith Black |
| 250 | |a 1st Edition | ||
| 264 | 1 | |a Leeds |b Emerald Publishing |c 2024 | |
| 300 | |a 494 s. | ||
| 500 | |a Emerald e-books. | ||
| 610 | 2 | 0 | |a financie |
| 610 | 2 | 0 | |a technológie finančné |
| 610 | 2 | 0 | |a bankovníctvo |
| 610 | 2 | 0 | |a bankovníctvo elektronické |
| 610 | 2 | 0 | |a inovácie technologické |
| 610 | 2 | 0 | |a mena virtuálna |
| 610 | 2 | 0 | |a inteligencia umelá |
| 610 | 2 | 0 | |a učenie strojové |
| 700 | 1 | |a Kent Baker, H. | |
| 700 | 1 | |a Filbeck, Greg | |
| 700 | 1 | |a Black, Keith | |